00677nam a22001937a 450000500170000001000150001702000270003203500140005903700090007308200110008210000250009324501350011826000350025327000810028830000280036970000330039770000260043070000270045620240708125911.0 aENG-140802 a9788196790035c1280.00 aEN-124334 bDBAD a341.48 aManhas, Neeraj Singh aA World of Rights:bNavigating the Global Landscape of Human Rights/ced. by Neeraj Singh Manhas, Nitan Sharma [and] Abhinav Tomer aNew DelhibKW Publishersc2024 a4676/21, First Floor, Ansari Road, DaryaganjbNew Delhie110002k01143528107 axxxv, 402p. c23cm(pb) aManhas, Neeraj SingheEditor aSharma, NitaneEditor aTomer, AbhinaveEditor